[Event "tm FRA 1st"]
[Site "France"]
[Date "1999.??.??"]
[Round "1"]
[White "Tkachiev, Vladislav"]
[Black "Rechlis, Gad"]
[Result "1-0"]
[WhiteElo "2634"]
[BlackElo "2514"]
[Annotator "Cannes-Noyon"]
[PlyCount "77"]
[EventDate "1999.??.??"]

1. d4 Nf6 2. c4 e6 3. g3 Bb4+ 4. Bd2 Be7 5. Bg2 d5 6. Nf3 O-O 7. O-O c6 8. Bf4
b6 9. Nc3 Bb7 10. Rc1 Nbd7 11. cxd5 exd5 12. Qc2 Re8 13. Rfd1 Nf8 14. Bg5 Ne6
15. Bxf6 Bxf6 16. b4 Qe7 17. Qb3 Red8 18. e3 Rac8 19. Ne1 c5 20. dxc5 bxc5 21.
Nxd5 Bxd5 22. Rxd5 cxb4 23. Rxc8 Rxc8 24. Nd3 Bc3 25. Bh3 g6 26. Rb5 Qd7 27.
Rd5 Qe7 28. Qa4 Rc7 29. Qb5 Kg7 30. Ne5 Ng5 31. Bg4 h5 32. Be2 Qf6 33. Nd7 Nh3+
34. Kg2 Qxf2+ 35. Kxh3 Qxe3 36. Qd3 Qe6+ 37. Kg2 Bb2 38. Bf3 Rc3 39. Qd4+ {
la suite est peu lisible} 1-0

[Event "tm FRA 1st"]
[Site "France"]
[Date "1999.??.??"]
[Round "1"]
[White "Bezold, Michael"]
[Black "Palac, Mladen"]
[Result "0-1"]
[WhiteElo "2503"]
[BlackElo "2589"]
[Annotator "Noyon-Cannes"]
[PlyCount "76"]
[EventDate "1999.??.??"]

1. g3 e5 2. Bg2 d5 3. d3 g6 4. Nf3 Bg7 5. O-O Ne7 6. c4 dxc4 7. Qa4+ Nbc6 8.
Qxc4 h6 9. Nc3 Be6 10. Qa4 O-O 11. Be3 Nd4 12. Rfc1 c6 13. Qd1 Re8 14. Ne4 Bd5
15. Nxd4 exd4 16. Bf4 g5 17. Bd2 f5 18. Nc5 b6 19. Na6 Qd7 20. Qa4 Bxg2 21.
Kxg2 Nd5 22. Re1 Re6 23. Nb4 Rae8 24. Qd1 Nxb4 25. Bxb4 Qd5+ 26. Kg1 f4 27. Bd2
Kh7 28. a4 h5 29. a5 R8e7 30. axb6 axb6 31. Bb4 Rf7 32. Bd2 fxg3 33. hxg3 Qf5
34. Rf1 Qh3 35. e4 dxe3 36. Bxe3 h4 37. Qh5+ Rh6 38. Qxf7 hxg3 0-1

[Event "tm FRA 1st"]
[Site "France"]
[Date "1999.??.??"]
[Round "1"]
[White "Sosonko, Gennadi"]
[Black "Gallagher, Joseph"]
[Result "1/2-1/2"]
[WhiteElo "2520"]
[BlackElo "2519"]
[Annotator "Noyon-Cannes"]
[PlyCount "35"]
[EventDate "1999.??.??"]

1. d4 Nf6 2. Nf3 g6 3. g3 Bg7 4. Bg2 O-O 5. O-O d6 6. Nc3 d5 7. Re1 Bf5 8. Nh4
Be6 9. e4 dxe4 10. Nxe4 Nxe4 11. Bxe4 c6 12. c3 Nd7 13. Bg2 Re8 14. Bf4 Bd5 15.
Bxd5 cxd5 16. Qb3 Nb6 17. Nf3 Qd7 18. a4 1/2-1/2

[Event "tm FRA 1st"]
[Site "France"]
[Date "1999.??.??"]
[Round "1"]
[White "Neiman, Emmanuel"]
[Black "Rainfray, Arnaud"]
[Result "1-0"]
[WhiteElo "2333"]
[BlackElo "2322"]
[Annotator "Noyon-Cannes"]
[PlyCount "55"]
[EventDate "1999.??.??"]

1. d4 d5 2. c4 e6 3. Nc3 Bb4 4. a3 Bxc3+ 5. bxc3 Nf6 6. e3 c5 7. cxd5 exd5 8.
Bd3 O-O 9. Ne2 b6 10. O-O Ba6 11. Bxa6 Nxa6 12. Qd3 c4 13. Qc2 Re8 14. f3 Nb8
15. Ng3 Nc6 16. Ra2 b5 17. e4 h6 18. e5 Nh7 19. Nf5 Re6 20. f4 a5 21. Nxg7 Kxg7
22. f5 Re8 23. f6+ Kh8 24. Bxh6 Qd7 25. Bg7+ Kg8 26. Rf5 Ne7 27. fxe7 Kxg7 28.
Rxf7+ 1-0

[Event "tm FRA 1st"]
[Site "France"]
[Date "1999.??.??"]
[Round "1"]
[White "Levacic, Damir"]
[Black "Solakian, Jerome"]
[Result "0-1"]
[WhiteElo "2295"]
[BlackElo "2240"]
[Annotator "Cannes-Noyon"]
[PlyCount "70"]
[EventDate "1999.??.??"]

1. d4 d5 2. c4 e6 3. Nc3 c6 4. cxd5 exd5 5. Qc2 Nf6 6. Bg5 g6 7. f3 Be7 8. Bh6
Bf5 9. Qd2 Nbd7 10. g4 Be6 11. Nh3 Qb6 12. Nf4 O-O-O 13. Bh3 Ne8 14. Rc1 Nc7
15. Kf1 Kb8 16. Kg2 g5 17. Nh5 Rhg8 18. Bg7 f6 19. Na4 Qa6 20. Nc5 Bxc5 21.
dxc5 Bf7 22. Bh6 Ne6 23. Kg3 Rg6 24. Bf1 Qxa2 25. e3 Rxh6 26. Be2 {
la suite est incertaine...} 26... Ndxc5 27. Ra1 Nb3 28. Rxa2 Nxd2 29. Rha1 Nb3
30. Rd1 Bxh5 31. gxh5 Nec5 32. f4 Ne4+ 33. Kg2 gxf4 34. exf4 Kc7 35. Kf1 f5 0-1

[Event "tm FRA 1st"]
[Site "France"]
[Date "1999.??.??"]
[Round "1"]
[White "Carton, Camille"]
[Black "Sorin, Maxime"]
[Result "1-0"]
[WhiteElo "2217"]
[BlackElo "2208"]
[Annotator "Noyon-Cannes"]
[PlyCount "75"]
[EventDate "1999.??.??"]

1. e4 c5 2. Nf3 Nc6 3. d4 cxd4 4. Nxd4 Nf6 5. Nc3 d6 6. Be2 e5 7. Nf3 h6 8. O-O
Be7 9. h3 O-O 10. Re1 Be6 11. Bf1 Rc8 12. Nd5 Nb8 13. b3 Nxd5 14. exd5 Bd7 15.
Bb2 b5 16. c4 bxc4 17. Bxc4 Re8 18. a4 Qb6 19. a5 Qb7 20. Qd3 Bf8 21. Nd2 Rc7
22. Bc3 Qc8 23. a6 Bf5 24. Qe2 e4 25. Ba5 Rce7 26. Qe3 Nd7 27. Bb5 Re5 28. g4
Bg6 29. Qxa7 Nc5 30. Qc7 Rxd5 31. Bc6 Qe6 32. a7 h5 33. Bxe8 hxg4 34. a8=Q gxh3
35. Qcc8 Rg5+ 36. Kf1 Qf6 37. Bc6 Ne6 38. Qa7 1-0

[Event "tm FRA 1st"]
[Site "France"]
[Date "1999.??.??"]
[Round "1"]
[White "Bramme, Emmanuelle"]
[Black "Duchene, Nathalie"]
[Result "1-0"]
[WhiteElo "2049"]
[BlackElo "1960"]
[Annotator "Cannes-Noyon"]
[PlyCount "72"]
[EventDate "1999.??.??"]

1. d4 Nf6 2. Nf3 e6 3. c4 Bb4+ 4. Nbd2 O-O 5. a3 Be7 6. e3 b6 7. Bd3 Bb7 8. O-O
d5 9. b4 c5 10. cxd5 Nxd5 11. bxc5 bxc5 12. Qc2 h6 13. dxc5 Nd7 14. c6 Rc8 15.
Bb5 a6 16. Ba4 N7b6 17. Nd4 Ba8 18. Bb2 Bf6 19. Rac1 e5 20. N4f3 Nxa4 21. Qxa4
Qb6 22. Bxe5 Bxc6 23. Qb3 Qxb3 24. Nxb3 Bb7 25. Bxf6 Nxf6 26. Nfd4 Bd5 27. Na5
Rxc1 28. Rxc1 Rb8 29. Nac6 Rb7 30. h3 Ne4 31. Na5 Rb8 32. f3 Nf6 33. e4 Ba8 34.
Nac6 Bxc6 35. Nxc6 Rb7 36. Nb4 a5 1-0

[Event "tm FRA 1st"]
[Site "France"]
[Date "1999.??.??"]
[Round "1"]
[White "Magem Badals, Jordi"]
[Black "Summerscale, Aaron"]
[Result "1-0"]
[WhiteElo "2557"]
[BlackElo "2440"]
[Annotator "Orange-Avignon"]
[PlyCount "57"]
[EventDate "1999.??.??"]

1. e4 Nc6 2. Nf3 d5 3. exd5 Qxd5 4. Nc3 Qa5 5. Bb5 Bd7 6. O-O Nf6 7. d4 O-O-O
8. Be3 Nd5 9. a4 Nxc3 10. bxc3 e6 11. c4 a6 12. c5 axb5 13. axb5 Qxb5 14. Ra8+
Nb8 15. Qa1 Bc6 16. Qa7 Kd7 17. Ne5+ Ke8 18. Rxb8 Be7 19. c4 Qa4 20. Nxc6 Qxc6
21. Rxb7 Rd7 22. Ra1 Bd8 23. f3 Re7 24. Bf4 e5 25. Bxe5 Qe6 26. Qa4+ Kf8 27.
Rb8 Re8 28. Re1 Qh6 29. Bd6+ 1-0

[Event "tm FRA 1st"]
[Site "France"]
[Date "1999.??.??"]
[Round "1"]
[White "Gachon, Lionel"]
[Black "Lepelletier, Benoit"]
[Result "0-1"]
[WhiteElo "2285"]
[BlackElo "2456"]
[Annotator "Avignon-Orange"]
[PlyCount "74"]
[EventDate "1999.??.??"]

1. e4 c5 2. Nf3 e6 3. d4 cxd4 4. Nxd4 Nf6 5. Nc3 d6 6. f4 Nc6 7. Be3 e5 8. Nxc6
bxc6 9. f5 Rb8 10. Bc4 Qa5 11. Bb3 Nxe4 12. Qf3 d5 13. O-O Nxc3 14. bxc3 Qxc3
15. Rad1 Ba6 16. Rfe1 Be7 17. Qg4 O-O 18. Bd2 Qc5+ 19. Kh1 Bf6 20. Re3 Qd4 21.
Qh5 g6 22. Rg3 Qh4 23. Qf3 e4 24. Qf2 Kh8 25. Be3 Rbd8 26. Bc5 Be5 27. Bd4 Qf6
28. Bxe5 Qxe5 29. f6 Rd6 30. Qxa7 Be2 31. Re1 Rxf6 32. Qc5 Re8 33. a4 Bh5 34.
a5 e3 35. a6 e2 36. Qg1 d4 37. Rd3 Qa5 0-1

[Event "tm FRA 1st"]
[Site "France"]
[Date "1999.??.??"]
[Round "1"]
[White "Santo-Roman, Marc"]
[Black "Verdier, Patrice"]
[Result "1-0"]
[WhiteElo "2381"]
[BlackElo "2285"]
[Annotator "Orange-Avignon"]
[PlyCount "61"]
[EventDate "1999.??.??"]

1. e4 c5 2. Nf3 Nc6 3. d4 cxd4 4. Nxd4 Nf6 5. Nc3 e5 6. Ndb5 d6 7. Bg5 a6 8.
Na3 b5 9. Bxf6 gxf6 10. Nd5 f5 11. Bd3 Be6 12. Qh5 Rg8 13. g3 Rg4 14. f4 exf4
15. Nxf4 Rxf4 16. gxf4 fxe4 17. Bxe4 d5 18. O-O-O Bxa3 19. bxa3 Qa5 20. Bxd5
Qxa3+ 21. Kb1 Qb4+ 22. Bb3 Rd8 23. a3 Qe4 24. Bxe6 Rxd1+ 25. Rxd1 Qxe6 26. Qxh7
a5 27. Qg8+ Ke7 28. Qg5+ Kf8 29. Qxb5 Qe4 30. Qc5+ Ke8 31. Rd5 1-0

[Event "tm FRA 1st"]
[Site "France"]
[Date "1999.??.??"]
[Round "1"]
[White "Weill, Roland"]
[Black "Goldgewicht, Lionel"]
[Result "0-1"]
[WhiteElo "2217"]
[BlackElo "2353"]
[Annotator "Avignon-Orange"]
[PlyCount "92"]
[EventDate "1999.??.??"]

1. e4 e6 2. d3 d5 3. Nd2 Nf6 4. Ngf3 c5 5. g3 Nc6 6. Bg2 b6 7. O-O Bb7 8. Re1
Be7 9. exd5 Nxd5 10. Nc4 O-O 11. Nce5 Nxe5 12. Nxe5 Qc7 13. Qh5 Nb4 14. Bxb7
Qxb7 15. Re2 Qd5 16. Qf3 Qxf3 17. Nxf3 Bf6 18. a3 Nc6 19. Rb1 Rfd8 20. Kg2 Nd4
21. Nxd4 cxd4 22. a4 Rac8 23. b3 Rc6 24. Rb2 Rdc8 25. Ra2 Be7 26. Kf1 f6 27.
Ke1 Kf7 28. Kd1 e5 29. Bd2 Ke6 30. Be1 Kd5 31. Kc1 f5 32. f3 Re6 33. Kb2 e4 34.
fxe4+ fxe4 35. Rxe4 Rxe4 36. dxe4+ Kxe4 37. Ra1 Bf6 38. Bd2 d3+ 39. c3 Kf3 40.
Re1 Kf2 41. Re4 Rc5 42. g4 Re5 43. Rxe5 Bxe5 44. h4 Ke2 45. Kc1 Bh2 46. b4 Bg1
0-1

[Event "tm FRA 1st"]
[Site "France"]
[Date "1999.??.??"]
[Round "1"]
[White "Cursoux, Laurent"]
[Black "Guadalpi, David"]
[Result "0-1"]
[WhiteElo "2230"]
[BlackElo "2279"]
[Annotator "Avignon-Orange"]
[PlyCount "104"]
[EventDate "1999.??.??"]

1. e4 c5 2. Nf3 d6 3. d4 cxd4 4. Qxd4 a6 5. c4 Nc6 6. Qd2 Nf6 7. Nc3 e6 8. Be2
Be7 9. O-O O-O 10. b3 Qc7 11. Bb2 b6 12. Rad1 Bb7 13. h3 Nb8 14. Bd3 Nbd7 15.
Rfe1 Rfe8 16. Bb1 Rad8 17. Qc2 Bf8 18. Nd4 g6 19. f4 Bg7 20. Qf2 Qb8 21. Nf3
Nh5 22. f5 Ne5 23. Nxe5 Bxe5 24. Na4 exf5 25. Bxe5 dxe5 26. Qxb6 Rxd1 27. Rxd1
Bxe4 28. Qxb8 Rxb8 29. Bxe4 fxe4 30. Nc5 f5 31. Nd7 Ra8 32. c5 Rc8 33. b4 e3
34. Rd6 e4 35. Rxa6 Ng3 36. Nf6+ Kf7 37. Nd5 e2 38. Kf2 Rd8 39. Ra7+ Kf8 40.
Nc3 f4 41. Ke1 f3 42. gxf3 exf3 43. Ra3 Ne4 44. Nd5 f2+ 45. Kxe2 Rxd5 46. Rf3+
Ke7 47. Rf4 Re5 48. a4 g5 49. Rf3 f1=Q+ 50. Kxf1 Nd2+ 51. Kf2 Nxf3 52. Kxf3 h5
0-1

[Event "tm FRA 1st"]
[Site "France"]
[Date "1999.??.??"]
[Round "1"]
[White "Kovarcik, Guillaume"]
[Black "Salus, Stephane"]
[Result "0-1"]
[WhiteElo "2165"]
[BlackElo "2237"]
[Annotator "Orange-Avignon"]
[PlyCount "64"]
[EventDate "1999.??.??"]

1. Nc3 c5 2. e4 Nc6 3. f4 e6 4. Nf3 d5 5. Bb5 Nge7 6. Qe2 dxe4 7. Nxe4 a6 8.
Bxc6+ Nxc6 9. d3 Be7 10. Be3 b6 11. O-O O-O 12. Rae1 Qd5 13. a3 Bb7 14. Qf2
Rac8 15. b3 Rfd8 16. Nc3 Qd6 17. Nd2 Nd4 18. Nc4 Qc7 19. a4 b5 20. axb5 axb5
21. Ne5 Qb6 22. Ne4 Nf5 23. Bd2 Bh4 24. g3 Be7 25. Ra1 Ra8 26. Rxa8 Bxa8 27.
Ra1 Qb7 28. Nf3 Bf6 29. Rf1 Bd4 30. Nxd4 Nxd4 31. Ba5 Rf8 32. c3 Nxb3 0-1

[Event "tm FRA 1st"]
[Site "France"]
[Date "1999.??.??"]
[Round "1"]
[White "Duquesnoy, Jean-Philippe"]
[Black "Kovarcik, Thomas"]
[Result "0-1"]
[WhiteElo "2166"]
[BlackElo "2181"]
[Annotator "Avignon-Orange"]
[PlyCount "58"]
[EventDate "1999.??.??"]

1. d4 d5 2. Nf3 Nf6 3. c4 c6 4. Nc3 dxc4 5. a4 Bf5 6. Ne5 e6 7. g3 Bb4 8. Bg2
Be4 9. f3 Bg6 10. O-O c5 11. Na2 Ba5 12. Nxg6 hxg6 13. dxc5 Qd5 14. Be3 Qh5 15.
h3 Qe5 16. Bf2 Qxb2 17. f4 Nbd7 18. Qd6 Rc8 19. Rfb1 Qd2 20. Qxd2 Bxd2 21. Rxb7
O-O 22. c6 Nb8 23. Bc5 Rfe8 24. c7 Na6 25. Bd6 Nd5 26. Bxd5 exd5 27. Rxa7 Be3+
28. Kg2 Bxa7 29. Kf3 Re3+ 0-1

[Event "tm FRA 1st"]
[Site "France"]
[Date "1999.??.??"]
[Round "1"]
[White "Guadalpi, Celine"]
[Black "Piquemal, Christiane"]
[Result "0-1"]
[WhiteElo "1980"]
[BlackElo "2050"]
[Annotator "Orange-Avignon"]
[PlyCount "102"]
[EventDate "1999.??.??"]

1. e4 c5 2. c3 Nf6 3. e5 Nd5 4. d4 cxd4 5. Nf3 e6 6. cxd4 b6 7. Nc3 Bb7 8. Bd3
Nxc3 9. bxc3 Qc8 10. Bd2 Na6 11. O-O Nc7 12. Ng5 g6 13. Ne4 Be7 14. Qe2 Bxe4
15. Bxe4 Rb8 16. c4 f5 17. d5 Na6 18. Bf3 O-O 19. d6 Bd8 20. a4 Nc5 21. Rfb1
Kg7 22. g3 h6 23. a5 bxa5 24. Rxb8 Qxb8 25. Qe3 Bg5 26. Qe2 Bxd2 27. Qxd2 Nb3
28. Qa2 Nxa1 29. Qxa1 Qb4 30. Qd4 Qb6 31. c5 Qb4 32. Qe3 Rf7 33. c6 dxc6 34.
Bxc6 Qb6 35. Qf3 Rf8 36. h4 Rd8 37. g4 a6 38. Ba4 Qb4 39. Bc6 Qb6 40. Kg2 Qc5
41. gxf5 exf5 42. d7 Qxe5 43. Qd3 Qe6 44. Qd4+ Qf6 45. Qc4 f4 46. f3 Rb8 47.
Be4 Qxh4 48. Qc7 Rd8 49. Qe5+ Qf6 50. Qc7 a4 51. Bd5 a3 0-1

[Event "tm FRA 1st"]
[Site "France"]
[Date "1999.??.??"]
[Round "1"]
[White "Hamdouchi, Hichem"]
[Black "Adams, Michael"]
[Result "0-1"]
[WhiteElo "2564"]
[BlackElo "2716"]
[Annotator "Montpellier-Monaco"]
[PlyCount "118"]
[EventDate "1999.??.??"]

1. e4 e5 2. Bc4 Nf6 3. d3 c6 4. Nf3 Be7 5. O-O d6 6. Re1 Nbd7 7. c3 O-O 8. Bb3
Re8 9. Nbd2 h6 10. d4 Bf8 11. Bc2 Qc7 12. Nf1 b5 13. Ng3 Nb6 14. h3 a5 15. Nh2
a4 16. f4 Nc4 17. Rf1 Be7 18. Kh1 Bd8 19. Rb1 Qb7 20. fxe5 dxe5 21. b3 axb3 22.
axb3 Na3 23. Bxa3 Rxa3 24. dxe5 Qc7 25. Nf3 Be6 26. Nf5 Nd7 27. Nd6 Rf8 28. c4
b4 29. Qd2 Ra2 30. Ra1 Rxa1 31. Rxa1 Nxe5 32. Nxe5 Bf6 33. c5 Bxe5 34. Rd1 Qa5
35. Qe3 Qa2 36. Qd3 Rd8 37. Rc1 Qa3 38. Rf1 Qa7 39. Qf3 Rd7 40. Nc4 Qxc5 41.
Bd3 g6 42. Be2 h5 43. Rc1 Kg7 44. Qf1 Bc3 45. Rd1 Rxd1 46. Qxd1 Qf2 47. Qf1 Qg3
48. Qf3 Qg5 49. Qf1 c5 50. Qf3 Qc1+ 51. Qf1 Qg5 52. Qf3 h4 53. Bd3 Bd4 54. Kh2
Qc1 55. Qf1 Qc3 56. Kh1 Qxb3 57. e5 Kg8 58. Qf6 Qd1+ 59. Bf1 Qe1 0-1

[Event "tm FRA 1st"]
[Site "France"]
[Date "1999.??.??"]
[Round "1"]
[White "Flear, Glenn"]
[Black "Rotstein, Arkadij"]
[Result "1-0"]
[WhiteElo "2484"]
[BlackElo "2493"]
[Annotator "Montpellier-Monaco"]
[PlyCount "141"]
[EventDate "1999.??.??"]

1. d4 d5 2. c4 e6 3. Nf3 c5 4. cxd5 exd5 5. Nc3 Nc6 6. g3 Nf6 7. Bg2 Be7 8. O-O
O-O 9. Bg5 c4 10. Ne5 Be6 11. e3 Ne8 12. Nxc6 bxc6 13. Bxe7 Qxe7 14. b3 Nd6 15.
Na4 Bf5 16. Nc5 Rfb8 17. Rc1 cxb3 18. axb3 a5 19. Re1 Qd8 20. Qf3 Be4 21. Nxe4
Nxe4 22. Qd1 Qb6 23. Bxe4 dxe4 24. Rc3 Re8 25. Qc2 Rab8 26. Rxc6 Qxb3 27. Qxb3
Rxb3 28. Ra1 Rb5 29. Ra6 g6 30. R6xa5 Rxa5 31. Rxa5 h5 32. Kg2 Kg7 33. h3 f6
34. Ra7+ Kh6 35. h4 g5 36. hxg5+ Kxg5 37. Kh3 Rb8 38. Ra2 Rd8 39. Rd2 Rd5 40.
Rd1 f5 41. Rd2 Rd6 42. Rc2 Ra6 43. Rc5 Ra1 44. Rc8 Ra2 45. Kg2 Kf6 46. Rh8 Kg5
47. Rc8 Kf6 48. Kf1 Kg5 49. Ke1 Rb2 50. d5 Kf6 51. Rh8 Rb1+ 52. Ke2 Rb2+ 53.
Kf1 Kg5 54. d6 Rd2 55. Rd8 Kf6 56. Kg2 Rd1 57. d7 Kg7 58. Kh2 Rd2 59. Kh3 Rd1
60. Kh4 Kf6 61. Rf8+ Kg6 62. g4 Rxd7 63. gxh5+ Kh6 64. Rf6+ Kh7 65. Rxf5 Kg7
66. Rf4 Re7 67. Kg5 Kh7 68. Rf5 Re6 69. Kf4 Kh6 70. Re5 Rf6+ 71. Kg3 1-0

[Event "tm FRA 1st"]
[Site "France"]
[Date "1999.??.??"]
[Round "1"]
[White "Marciano, David"]
[Black "Fressinet, Laurent"]
[Result "1/2-1/2"]
[WhiteElo "2521"]
[BlackElo "2424"]
[Annotator "Monaco-Montpellier"]
[PlyCount "39"]
[EventDate "1999.??.??"]

1. e4 c5 2. Nf3 Nc6 3. d4 cxd4 4. Nxd4 Qc7 5. Nc3 e6 6. Be3 a6 7. Bd3 Nf6 8.
O-O h5 9. h3 b5 10. Nxc6 Qxc6 11. a3 Bb7 12. Qe2 h4 13. Rfd1 Be7 14. Bg5 Qc7
15. e5 Nd5 16. Bxe7 Kxe7 17. f4 f5 18. a4 Qc5+ 19. Qf2 Qxf2+ 20. Kxf2 1/2-1/2

[Event "tm FRA 1st"]
[Site "France"]
[Date "1999.??.??"]
[Round "1"]
[White "Touzane, Olivier"]
[Black "Kosten, Anthony"]
[Result "0-1"]
[WhiteElo "2378"]
[BlackElo "2502"]
[Annotator "Montpellier-Monaco"]
[PlyCount "102"]
[EventDate "1999.??.??"]

1. d4 Nf6 2. c4 e6 3. Nc3 Bb4 4. Qc2 O-O 5. a3 Bxc3+ 6. Qxc3 h6 7. g3 d6 8. Bg2
a5 9. b3 Nc6 10. Nf3 Ne4 11. Qc2 f5 12. Bb2 Ne7 13. O-O Bd7 14. Nd2 Nxd2 15.
Qxd2 Qe8 16. Qc3 a4 17. bxa4 Qb8 18. d5 e5 19. f4 Ng6 20. h4 Qa7+ 21. Kh2 Rae8
22. Bf3 Re7 23. h5 Nh8 24. fxe5 Rxe5 25. c5 Nf7 26. cxd6 cxd6 27. Qd4 Qa6 28.
Rac1 Ng5 29. Rf2 Rf7 30. Rc4 Qa5 31. Bg2 Ne4 32. Bxe4 Rxe4 33. Qd3 Qe1 34. Kg2
Rxc4 35. Qxc4 f4 36. Rxf4 Rxf4 37. gxf4 Bg4 38. e4 Bxh5 39. Qc8+ Kh7 40. Qxb7
Qe2+ 41. Kg1 Qe3+ 42. Kh2 Qxf4+ 43. Kg1 Qg3+ 44. Kf1 Bf3 45. Qb5 Bxe4 46. Ke2
h5 47. a5 h4 48. a6 h3 49. a7 h2 50. a8=Q h1=Q 51. Qaa5 Qgf3+ 0-1

[Event "tm FRA 1st"]
[Site "France"]
[Date "1999.??.??"]
[Round "1"]
[White "Atlas, Valeri"]
[Black "Sellos, Didier"]
[Result "1-0"]
[WhiteElo "2457"]
[BlackElo "2383"]
[Annotator "Monaco-Montpellier"]
[PlyCount "85"]
[EventDate "1999.??.??"]

1. e4 c5 2. Nf3 e6 3. d4 cxd4 4. Nxd4 a6 5. Nc3 d6 6. g3 Nf6 7. Bg2 Be7 8. O-O
O-O 9. a4 Qc7 10. Be3 Nbd7 11. Qe2 Re8 12. Rad1 Bf8 13. g4 h6 14. h3 Ne5 15.
Bc1 Bd7 16. f4 Nc6 17. Qf2 Nxd4 18. Rxd4 Bc6 19. g5 hxg5 20. fxg5 Nh7 21. Nd5
Bxd5 22. exd5 e5 23. Rg4 g6 24. h4 Bg7 25. h5 gxh5 26. Rh4 Nf8 27. Be4 Ng6 28.
Rxh5 b5 29. Rh3 Nf4 30. Bxf4 exf4 31. Qxf4 Re5 32. g6 f6 33. Qh4 Qd7 34. Bg2
Rc8 35. Rhf3 Bh8 36. Bh3 Rc4 37. Be6+ Rxe6 38. Qh7+ Qxh7 39. gxh7+ Kxh7 40.
dxe6 Re4 41. axb5 axb5 42. Rh3+ Kg8 43. Ra1 1-0

[Event "tm FRA 1st"]
[Site "France"]
[Date "1999.??.??"]
[Round "1"]
[White "Lanzani, Mario"]
[Black "Sarthou, Gaetan"]
[Result "1/2-1/2"]
[WhiteElo "2393"]
[BlackElo "2326"]
[Annotator "Monaco-Montpellier"]
[PlyCount "82"]
[EventDate "1999.??.??"]

1. e4 c5 2. Nf3 Nc6 3. Bb5 g6 4. Bxc6 bxc6 5. O-O Bg7 6. Re1 e5 7. b4 cxb4 8.
a3 Ne7 9. axb4 O-O 10. Bb2 d6 11. d4 Qc7 12. dxe5 dxe5 13. Nbd2 f6 14. Nb3 Rd8
15. Qe2 Be6 16. Nc5 Bf7 17. Red1 Rxd1+ 18. Rxd1 Rd8 19. Bc3 Nc8 20. Rd3 Bf8 21.
Qd1 Rxd3 22. cxd3 a5 23. d4 axb4 24. Bxb4 Qb6 25. Qd2 exd4 26. Qxd4 Bxc5 27.
Qxc5 Qxc5 28. Bxc5 Bb3 29. Nd4 Ba4 30. f4 Kf7 31. Kf2 Ke8 32. f5 Ne7 33. g4 g5
34. Ne6 Kf7 35. Ke3 Ng8 36. Bd4 Nh6 37. h3 Ng8 38. e5 h6 39. Nc5 fxe5 40. Nxa4
exd4+ 41. Kxd4 h5 1/2-1/2

[Event "tm FRA 1st"]
[Site "France"]
[Date "1999.??.??"]
[Round "1"]
[White "Flear, Christine"]
[Black "Lebel, Julia"]
[Result "1-0"]
[WhiteElo "2500"]
[BlackElo "2500"]
[Annotator "Montpellier-Monaco"]
[PlyCount "65"]
[EventDate "1999.??.??"]

1. d4 Nf6 2. c4 b6 3. Nc3 Bb7 4. Bg5 e6 5. e4 Be7 6. Bxf6 Bxf6 7. e5 Be7 8. Qg4
g6 9. Bd3 Nc6 10. Nge2 h5 11. Qh3 g5 12. O-O g4 13. Qe3 d6 14. Rad1 Qd7 15.
exd6 cxd6 16. d5 Ne5 17. Be4 O-O-O 18. dxe6 fxe6 19. Bxb7+ Kxb7 20. b3 Kb8 21.
a4 Nc6 22. Nd4 Nxd4 23. Qxd4 Rhf8 24. Nb5 Qc6 25. Rfe1 Bf6 26. Qe3 Be5 27. Nd4
Bxd4 28. Rxd4 e5 29. Rd5 Rf4 30. Red1 Qc7 31. Qxe5 Rdf8 32. Rxd6 Rxf2 33. Rd8+
1-0

[Event "tm FRA 1st"]
[Site "France"]
[Date "1999.??.??"]
[Round "2"]
[White "Kozakov, Mikhail"]
[Black "Relange, Eloi"]
[Result "1-0"]
[WhiteElo "2420"]
[BlackElo "2478"]
[Annotator "Le Mans-Clichy"]
[PlyCount "75"]
[EventDate "1999.??.??"]

1. e4 c5 2. c3 Nf6 3. e5 Nd5 4. Nf3 Nc6 5. Bc4 Nb6 6. Bb3 c4 7. Bc2 Qc7 8. Qe2
g5 9. Nxg5 Qxe5 10. d4 cxd3 11. Bxd3 Qxe2+ 12. Bxe2 Bg7 13. Na3 d5 14. Nb5 O-O
15. O-O Bf5 16. Nf3 Bg6 17. Rd1 Rfd8 18. Be3 Na4 19. Rd2 e6 20. Rc1 a6 21. Nbd4
Na5 22. b3 Nxc3 23. Rxc3 e5 24. Nc2 Nc6 25. Bb6 d4 26. Rxc6 bxc6 27. Bxd8 Rxd8
28. Nb4 Rd6 29. Nh4 a5 30. Nxg6 hxg6 31. Na6 e4 32. Bc4 d3 33. Nc5 Rd4 34. f3
Bh6 35. Rd1 e3 36. Rxd3 e2 37. Kf2 Bf8 38. Ne4 1-0

[Event "tm FRA 1st"]
[Site "France"]
[Date "1999.??.??"]
[Round "2"]
[White "Apicella, Manuel"]
[Black "Sulypa, Alexandre"]
[Result "1-0"]
[WhiteElo "2515"]
[BlackElo "2424"]
[Annotator "Clichy-Le Mans"]
[PlyCount "85"]
[EventDate "1999.??.??"]

1. e4 e5 2. Nf3 Nf6 3. Nxe5 d6 4. Nf3 Nxe4 5. Qe2 Qe7 6. d3 Nf6 7. Bg5 Nbd7 8.
Nc3 Qxe2+ 9. Bxe2 Be7 10. O-O-O Nc5 11. Rhe1 Ne6 12. Bh4 c6 13. d4 d5 14. Bf1
O-O 15. h3 Bd6 16. Bxf6 gxf6 17. Nh4 Ng7 18. g3 Bd7 19. Bd3 Rfe8 20. Ng2 Rxe1
21. Rxe1 Bxh3 22. Bxh7+ Kxh7 23. Rh1 Nf5 24. Rxh3+ Kg7 25. Ne2 Re8 26. Kd2 Bc7
27. b3 Nd6 28. f3 Rh8 29. Rxh8 Kxh8 30. Ne3 Kg7 31. c4 dxc4 32. bxc4 Kg6 33. g4
Kg5 34. c5 Nc8 35. Nf5 b6 36. Ke3 Bd8 37. Nc3 Kg6 38. d5 cxd5 39. c6 b5 40.
Nxd5 Nb6 41. Nxb6 Bxb6+ 42. Ke4 Kg5 43. Nd6 1-0

[Event "tm FRA 1st"]
[Site "France"]
[Date "1999.??.??"]
[Round "2"]
[White "Marcelin, Cyril"]
[Black "Hebden, Mark"]
[Result "0-1"]
[WhiteElo "2383"]
[BlackElo "2556"]
[Annotator "Le Mans-Clichy"]
[PlyCount "60"]
[EventDate "1999.??.??"]

1. e4 e5 2. Nf3 Nc6 3. Nc3 Nf6 4. g3 d5 5. exd5 Nxd5 6. Bg2 Nxc3 7. bxc3 Bc5 8.
O-O O-O 9. Re1 Qf6 10. d3 h6 11. Bb2 Bg4 12. h3 Bh5 13. Qe2 Rae8 14. g4 Bg6 15.
Nd2 Qh4 16. a4 f5 17. Ba3 Bxa3 18. Rxa3 e4 19. dxe4 fxg4 20. hxg4 Ne5 21. f3 h5
22. gxh5 Bxh5 23. Rf1 Re6 24. Qf2 Qf4 25. c4 Rd6 26. Nb1 Rg6 27. Nd2 Rd8 28.
Nb1 Rg3 29. Qe3 Nxf3+ 30. Rxf3 Bxf3 0-1

[Event "tm FRA 1st"]
[Site "France"]
[Date "1999.??.??"]
[Round "2"]
[White "Conquest, Stuart"]
[Black "Blot, Jerome"]
[Result "1-0"]
[WhiteElo "2488"]
[BlackElo "2253"]
[Annotator "Clichy-Le Mans"]
[PlyCount "61"]
[EventDate "1999.??.??"]

1. d4 Nf6 2. c4 g6 3. Nc3 Bg7 4. Nf3 O-O 5. Bf4 d6 6. e3 c6 7. Be2 Nbd7 8. h3
Qa5 9. O-O e5 10. Bh2 Re8 11. Rb1 e4 12. Nd2 Bf8 13. Qc2 Qf5 14. Ndxe4 Nxe4 15.
Bd3 Ndf6 16. f3 Qg5 17. Bf4 Qh4 18. Nxe4 Nxe4 19. fxe4 Qe7 20. b4 Bg7 21. c5 d5
22. exd5 cxd5 23. b5 g5 24. Bxh7+ Kh8 25. Be5 Bxe5 26. dxe5 Qxe5 27. Rxf7 Qxe3+
28. Kh1 Be6 29. Rxb7 Bxh3 30. Bf5 Qf4 31. Qc3+ 1-0

[Event "tm FRA 1st"]
[Site "France"]
[Date "1999.??.??"]
[Round "2"]
[White "Bujisho, Benjamin"]
[Black "Renet, Olivier"]
[Result "1/2-1/2"]
[WhiteElo "2270"]
[BlackElo "2500"]
[Annotator "Le Mans-Clichy"]
[PlyCount "65"]
[EventDate "1999.??.??"]

1. e4 c5 2. Nf3 e6 3. Qe2 Nc6 4. g3 g6 5. Bg2 Bg7 6. O-O Nge7 7. d3 O-O 8. c3
d6 9. Rd1 e5 10. Nbd2 h6 11. Nb3 Be6 12. Be3 f5 13. Qd2 g5 14. exf5 Nxf5 15. d4
cxd4 16. cxd4 Bxb3 17. axb3 exd4 18. Bxg5 hxg5 19. Nxg5 Ne3 20. h4 Nxg2 21. Qd3
Rf6 22. Kxg2 Qd7 23. Qh7+ Kf8 24. Re1 Ne5 25. Qe4 Rf5 26. f4 d5 27. Qb1 Rxf4
28. Qh7 Qg4 29. Rf1 Qe2+ 30. Kg1 Qe3+ 31. Kg2 Qe2+ 32. Kg1 Qe3+ 33. Kg2 1/2-1/2